[Event "BRA-ch U18 Girls"]
[Site "Aracaju"]
[Date "2024.05.22"]
[Round "2"]
[White "Dumer, Lara Vieira Peixoto"]
[Black "Cardoso, Isabelly Cristine S"]
[Result "0-1"]
[WhiteElo "1803"]
[BlackElo "1783"]
[PlyCount "86"]
[EventDate "2024.05.22"]
[EventType "swiss"]
[EventRounds "6"]
[EventCountry "BRA"]
[SourceTitle "CBM 220 Extra"]
[Source "ChessBase"]
[SourceDate "2024.07.31"]
[SourceVersion "1"]
[SourceVersionDate "2024.07.31"]
[SourceQuality "1"]

1. e4 c5 2. Nc3 Nc6 3. Nf3 e5 4. Bc4 d6 5. d3 Nf6 6. 0-0 Be7 7. Bg5 0-0 8. Bxf6 Bxf6 9. h3 Re8 10. Re1 Be6 11. Nd5 Bxd5 12. Bxd5 Ne7 13. Rb1 Nxd5 14. exd5 b5 15. c4 bxc4 16. dxc4 Qa5 17. a3 Rab8 18. Qd2 Qxd2 19. Nxd2 h6 20. b4 cxb4 21. Rxb4 Rxb4 22. axb4 Rc8 23. Rc1 Bg5 24. Rd1 Bxd2 25. Rxd2 Rxc4 26. Ra2 Rxb4 27. Rxa7 Rb5 28. f3 f6 29. Kf2 Rxd5 30. Ra4 Rd2+ 31. Kg1 d5 32. g4 Kf7 33. Kf1 Kg6 34. Ke1 Rd4 35. Rxd4 exd4 36. h4 f5 37. gxf5+ Kxf5 38. Ke2 Kf4 39. Kd3 Kxf3 40. Kxd4 Kg4 41. Kxd5 Kxh4 42. Ke5 Kg4 43. Ke4 g5 0-1